Analytické separační metody

Guardado en:
Detalles Bibliográficos
Autor principal: Štulík, Karel, 1941-
Formato: Libro
Lenguaje:checo
Publicado: Praha Karolinum 2004
Edición:1.vyd.
Materias:
Acceso en línea:Ver en el OPAC
Etiquetas: Agregar Etiqueta
Sin Etiquetas, Sea el primero en etiquetar este registro!

MARC

LEADER 00000nam a2200000 a 4500
005 20260127134007.0
008 060306 2004 xr 000 0 cze d
020 |a 8024608529 
035 |a vtls008628284 
039 9 |y 200603060950  |z mschk03 
040 |a STUSCHK1  |b slo  |c STUSCHK1  |e AACR2 
080 |a 543.5(075.8) 
100 1 |a Štulík, Karel,  |d 1941-  |9 1059 
245 1 |a Analytické separační metody  |c Štulík, Karel a kol. 
250 |a 1.vyd. 
260 |a Praha  |b Karolinum  |c 2004 
300 |a 264 s. 
650 0 |a analyticka chemie  |x separační metody 
910 |a SCHK95 
919 |a 80-246-0852-9 
999 |c 1702  |d 1702